ՀՀ Գիտությունների ազգային ակադեմիայի հիմնարար գիտական գրադարան  =   Fundamental Scientific Library of NAS RA

Սպիտակ շոգենավը : (Record no. 117191)

MARC details
000 -LEADER
fixed length control field 00832nam a2200205 a 4500
001 - CONTROL NUMBER
control field 000315963
003 - CONTROL NUMBER IDENTIFIER
control field AM-YeHGA
005 - DATE AND TIME OF LATEST TRANSACTION
control field 20250618072017.0
008 - FIXED-LENGTH DATA ELEMENTS--GENERAL INFORMATION
fixed length control field 040309s1977 ai 000 | arm d
040 ## - CATALOGING SOURCE
Original cataloging agency AM-YeHGA
041 1# - LANGUAGE CODE
Language code of text/sound track or separate title arm
Language code of original rus
090 ## - LOCALLY ASSIGNED LC-TYPE CALL NUMBER (OCLC); LOCAL CALL NUMBER (RLIN)
-- 118538
100 1# - MAIN ENTRY--PERSONAL NAME
Personal name Այթմատով, Չինգիզ Տորեկուլի
Dates associated with a name 1928-2008
245 10 - TITLE STATEMENT
Title Սպիտակ շոգենավը :
Remainder of title [Վիպակ] /
Statement of responsibility, etc. Չ. Այտմատով ; Ռուս. թարգմ.՝ Ա. Սահինյան ; Խմբ.՝ Ա.Ա. Ղուկասյան.
260 ## - PUBLICATION, DISTRIBUTION, ETC.
Place of publication, distribution, etc. Երևան :
Name of publisher, distributor, etc. Սովետական գրող,
Date of publication, distribution, etc. 1977.
300 ## - PHYSICAL DESCRIPTION
Extent 176 էջ :
Other physical details նկ. ;
Dimensions 21 սմ.
700 1# - ADDED ENTRY--PERSONAL NAME
Personal name Սահինյան, Անահիտ Արամի,
Dates associated with a name 1917-2010
Relator term թարգմ.
Relationship trl
9 (RLIN) 2337
700 1# - ADDED ENTRY--PERSONAL NAME
Personal name Ղուկասյան, Ամալյա Արմենակի,
Dates associated with a name 1928-2016
Relator term խմբ.
Relationship edt
9 (RLIN) 2664
942 ## - ADDED ENTRY ELEMENTS (KOHA)
Source of classification or shelving scheme Universal Decimal Classification
Koha item type Գրքեր / Books
Holdings
Withdrawn status Lost status Source of classification or shelving scheme Damaged status Not for loan Collection Home library Current library Date acquired Total checkouts Full call number Barcode Date last seen Price effective from Koha item type Public note
    Universal Decimal Classification     General Fundamental Scientific Library Fundamental Scientific Library 22/12/2016   AII/59329 220059329 22/12/2016 22/12/2016 Գրքեր / Books 30 Days Loan
    Universal Decimal Classification     General Fundamental Scientific Library Fundamental Scientific Library 22/12/2016   AII/59372 220059372 22/12/2016 22/12/2016 Գրքեր / Books 30 Days Loan
    Universal Decimal Classification     General Fundamental Scientific Library Fundamental Scientific Library 22/12/2016   AII/59373 220059373 22/12/2016 22/12/2016 Գրքեր / Books 30 Days Loan
    Universal Decimal Classification     General Fundamental Scientific Library Fundamental Scientific Library 22/12/2016   AII/60203 220060203 22/12/2016 22/12/2016 Գրքեր / Books 30 Days Loan


ՀՀ ԳԱԱ հիմնարար գիտական գրադարան
ՀՀ,Երևան 0019
Մարշալ Բաղրամյան 24/6
հեռախոս:(374-10) 52-47-50
Հետադարձ կապ

All site content, except where otherwise noted, is licensed under a
Creative Commons License